000 00753nam a22001817a 4500
999 _c59475
_d59475
003 Ge_BSU
005 20230227122107.0
008 230227s2001 ge ||||| |||| 00| 0 geo d
020 _a999288617X
041 _ageo
080 _a343.37 წ-85
100 _aწულაია, ზაურ
_912304
245 _aეკონომიკურ დანაშაულთა იურიდიული ანალიზი /
_c[რედ.: მზია ლეკვეიშვილი, გოჩა მამულაშვილი].
264 _aთბილისი :
_bინტელექტი, .
_c2001.
300 _a372გვ. ;
_b20სმ.
653 _aეკონომიკური დანაშაული.
942 _2udc
_cBK